7 vs. Wild Staffel 2 Wer sagt was? - Statistiken

Allgemein
  • Dieses Quiz wurde 96 mal gespielt
  • Das Durchschnittsergebnis liegt bei 5 aus 12
Antwortstatistiken
Hint Antwort % Korrekt
Du musst hart sein wenn der Dschungel weint Knossi
87%
Ich glaub ich kann nicht mehr Nova
58%
Wann bricht deine Psyche Fritz
57%
Ich hass es grad, ich finds nicht geil Fritz
53%
Ich würd jetzt so gerne einfach meine Liebsten in den Arm nehmen Sabrina
49%
Jaaa Knossi
46%
Das hier, ist ein anderes Level Knossi
37%
Welcome to the Jungle Otto
37%
Also ich glaube meine Grenze ist jetzt erreicht Joris
33%
Jede Minute kämpf ich mit mir Sascha
29%
Ich hab gekämpft ohne Ende Sascha
24%
Das fühlt sich gerade an als würde es so nicht mehr lange gehen muss ich sagen Otto
13%
Keine übereinstimmenden Quizze gefunden
Verteilung der Resultate
Anzahl Personen mit jedem Resultat
Perzentil nach korrekt beantworteten Fragen
Ihre Resultats-Entwicklung
Sie haben dieses Quiz noch nicht gespielt